| 000 | 00894 a2200229 4500 | ||
|---|---|---|---|
| 003 | Nust | ||
| 005 | 20220726094715.0 | ||
| 010 | _a 96072221 | ||
| 020 | _a0789709864 | ||
| 035 | _a(OCoLC)36533078 | ||
| 040 | _cNust | ||
| 082 | 0 | 0 | _a004.22,BOY |
| 100 | 1 |
_aBoyce, Jim, _980477 |
|
| 245 | 1 | 0 |
_aUpgrading PCs illustrated / _cJim Boyce with Sheldon Dunn ... [et al.]. |
| 260 |
_aNew Delhi _bPrentice-hall _c2000 |
||
| 300 |
_axxviii, 710 p. : _bill. ; _c23 cm. |
||
| 505 | _aPreparation (Page-13), Processors, Motherboards and Memory (Page-157), Mass Storage Devices (Page-71), Multimedia Devices (Page-359), Communication Internet and Networking (Page-431), Maintenances and Disaster Recovery (Page-559). | ||
| 650 | 0 |
_aIBM-compatible computers _xUpgrading. _995111 |
|
| 650 | 0 |
_aMicrocomputers _xUpgrading. _994563 |
|
| 700 | 1 |
_aDunn, Sheldon M. _995112 |
|
| 942 |
_2ddc _cBK _k004.22,BOY |
||
| 999 |
_c176251 _d176251 |
||